| 000 | 01299nam a22004097a 4500 | ||
|---|---|---|---|
| 003 | CHAP | ||
| 005 | 20220817044400.0 | ||
| 008 | 101015s2010 it rn 00010 eng d | ||
| 010 | _a99442 | ||
| 011 | _a100414 | ||
| 020 | _a9789251065600 | ||
| 035 | _a111100 | ||
| 040 | _cCHAP | ||
| 082 | 0 | 4 |
_a634.9 _bF3y v.159 |
| 110 | 2 | _aFAO | |
| 245 | 1 | 0 |
_aImpact of the global forest industry on atmospheric greenhouse gases _c/por Reid Miner |
| 260 |
_aRome : _bFAO, _c2010 |
||
| 300 |
_axi, 71 p. : _bgráfs., tablas |
||
| 490 | 0 |
_aFAO. Montes _v; 159 |
|
| 590 |
_aBATCH-UPD _b10 _c20130110 _lUCH01 _h0849 |
||
| 590 |
_aBATCH-UPD _b10 _c20130410 _lUCH01 _h0521 |
||
| 590 |
_aBATCH-UPD _b10 _c20130914 _lUCH01 _h0724 |
||
| 590 |
_aCONVERSION _b10 _c20130109 _lUCH01 _h1355 |
||
| 650 | 1 | 4 |
_aBosques _xOrdenación. _914355 |
| 650 | 1 | 4 |
_aCambios climáticos. _917792 |
| 650 | 1 | 4 |
_aEcología forestal. _935176 |
| 650 | 1 | 4 |
_aEvaluación. _938913 |
| 650 | 1 | 4 |
_aGases _xEfecto en árboles. _947217 |
| 650 | 1 | 4 |
_aImpacto ambiental. _957465 |
| 650 | 1 | 4 |
_aIndustrias forestales. _957979 |
| 650 | 1 | 4 |
_aInvernaderos. _960172 |
| 700 | 1 |
_aMiner, Reid _975929 |
|
| 830 | 0 |
_aFAO. Montes _v; 159 _939632 |
|
| 901 | _aBK | ||
| 942 | _cLIBRO | ||
| 949 |
_a634.9 F3y v.159 _bBC _cFAO _d33724002219149 _eFAO1 _h113574 _i111100 _sb |
||
| 999 |
_c99442 _d99442 |
||